000 00402cam a22001217a 4500
008 180718b1985 xxu||||| |||| 00| 0 eng d
082 _aA81x54 In2/81/7/Pt 5 A & B
100 _aCensus of India 1981
245 _aHimachal Pradesh: migration tables
260 _aDelhi
_bThe Controller of Publications
_c1985
300 _a629+p.
440 _aCensus of India 1981. Series-7, Himachal Pradesh. Part V A & B
999 _c482739
_d482739